[Event "PRO League Group Stage"]
[Site "chess.com INT"]
[Date "2018.03.07"]
[Round "9"]
[White "Urkedal, Frode"]
[Black "Plat, Vojtech"]
[Result "1-0"]
[WhiteTitle "GM"]
[BlackTitle "GM"]
[WhiteElo "2572"]
[BlackElo "2569"]
[WhiteTeam "Oslo Trolls"]
[BlackTeam "Riga Magicians"]
[WhiteFideId "1506102"]
[BlackFideId "325740"]
[EventDate "2018.01.18"]

1. d4 d6 2. e4 Nf6 3. Nc3 e5 4. dxe5 dxe5 5. Qxd8+ Kxd8 6. Nf3 Bd6 7. Bc4 Ke7 8.
Bg5 c6 9. O-O-O Be6 10. Bxe6 fxe6 11. Nd2 Nd7 12. f3 b5 13. a4 a6 14. Nb3 Bb4
15. Rd3 c5 16. Rhd1 Rhd8 17. Na2 bxa4 18. Nxb4 cxb4 19. Na5 Ke8 20. Bxf6 Nxf6
21. Rxd8+ Rxd8 22. Rxd8+ Kxd8 23. Nc6+ Kc7 24. Nxb4 Kb6 25. Nd3 Nd7 26. Kb1 a5
27. Ka2 h5 28. h4 g6 29. Ka3 Kb5 30. g3 Kc4 31. Kxa4 Kd4 32. Kxa5 Ke3 33. f4
exf4 34. Nxf4 e5 35. Nxg6 Kxe4 36. b4 Kf3 37. b5 e4 38. b6 e3 39. Nf4 Kxg3 40.
Nd3 Kxh4 41. b7 Kg3 42. c4 h4 43. c5 Nb8 44. Kb5 h3 45. c6 h2 46. c7 Nc6 47.
c8=Q Na7+ 48. Kc5 Nxc8 49. b8=Q+ Kg2 50. Ne1+ 1-0

[Event "PRO League Group Stage"]
[Site "chess.com INT"]
[Date "2018.03.07"]
[Round "9"]
[White "Naroditsky, Daniel"]
[Black "Sheng, Joshua"]
[Result "0-1"]
[WhiteTitle "GM"]
[BlackTitle "IM"]
[WhiteElo "2619"]
[BlackElo "2392"]
[WhiteTeam "San Jose Hackers"]
[BlackTeam "San Diego Surfers"]
[WhiteFideId "2026961"]
[BlackFideId "2057360"]
[EventDate "2018.01.18"]

1. Nf3 Nf6 2. g3 d5 3. Bg2 c5 4. O-O e6 5. d3 Nc6 6. Nbd2 Bd6 7. e4 O-O 8. Re1
Qc7 9. Qe2 Nd7 10. Nf1 dxe4 11. dxe4 b6 12. Ne3 Bb7 13. c3 Rfd8 14. b3 a6 15.
Nc4 Be7 16. Bf4 e5 17. Bc1 b5 18. Ne3 Nb6 19. Nh4 Bxh4 20. gxh4 Ne7 21. h5 c4
22. h6 g6 23. Ng4 Rd6 24. Bg5 Re6 25. Nf6+ Kh8 26. Bh3 Rc6 27. Qf3 Ng8 28. Rad1
Qe7 29. Nxh7 f6 30. Nxf6 Nxf6 31. bxc4 bxc4 32. Rb1 Rf8 33. Qe3 Qc7 34. Red1 Bc8
35. Bg2 Nbd7 36. Rb4 Rd6 37. Rbb1 Nc5 38. Bh4 Nd3 39. Bg3 Nh5 40. Qg5 Nxg3 41.
hxg3 Kh7 42. Rf1 Rdf6 43. f3 Rb6 44. Kh2 Re6 45. f4 exf4 46. e5 Rxe5 47. Qh4 Rh5
48. Qxh5 gxh5 49. Bf3 0-1

[Event "PRO League Group Stage"]
[Site "chess.com INT"]
[Date "2018.03.07"]
[Round "9"]
[White "Naroditsky, Daniel"]
[Black "Brown, Michael William"]
[Result "1-0"]
[WhiteTitle "GM"]
[BlackTitle "IM"]
[WhiteElo "2619"]
[BlackElo "2506"]
[WhiteTeam "San Jose Hackers"]
[BlackTeam "San Diego Surfers"]
[WhiteFideId "2026961"]
[BlackFideId "2037602"]
[EventDate "2018.01.18"]

1. Nf3 d5 2. g3 Nf6 3. Bg2 Bf5 4. O-O e6 5. d3 Be7 6. c4 c6 7. cxd5 exd5 8. Nc3
O-O 9. Qb3 Qb6 10. Qc2 Nbd7 11. e4 Bg6 12. Nh4 dxe4 13. dxe4 Rfe8 14. Be3 Qa6
15. Nxg6 hxg6 16. Rfd1 Rad8 17. h3 Bc5 18. Bf4 Nf8 19. Rxd8 Rxd8 20. e5 Nh5 21.
Bg5 f6 22. exf6 gxf6 23. Bh6 Kh7 24. Ne4 Kxh6 25. Nxc5 Qb6 26. Re1 Qc7 27. Qb3
b6 28. Na6 Qd6 29. Nb4 c5 30. Nd5 Rd7 31. Re8 Ng7 32. Qe3+ Kh7 33. Rc8 Rd8 34.
Rxd8 Qxd8 35. Qf4 Nf5 36. Qa4 a5 37. Qc6 Qd6 38. Qxb6 Qxb6 39. Nxb6 Nd6 40. Bd5
Kg7 41. Na4 f5 42. Nxc5 Kf6 43. f4 g5 44. fxg5+ Kxg5 45. Kf2 Kf6 46. Ke3 Ng6 47.
Nd3 Ne5 48. b3 Nxd3 49. Kxd3 Ke5 50. Bc6 f4 51. g4 Nf7 52. h4 Kf6 53. Bf3 Ke5
54. a3 Nd6 55. b4 axb4 56. axb4 Nb5 57. h5 Nd4 58. h6 Nxf3 59. h7 Kd5 60. h8=Q
Ne5+ 61. Ke2 Nxg4 62. Qh5+ Ne5 63. b5 Ke4 64. Qh7+ Kd4 65. Qg7 f3+ 66. Kf1 Ke4
67. b6 Ng4 68. Qxg4+ 1-0

[Event "PRO League Group Stage"]
[Site "chess.com INT"]
[Date "2018.03.07"]
[Round "9"]
[White "Cervantes Landeiro, Thalia"]
[Black "Tomb, Maroun"]
[Result "0-1"]
[WhiteTitle "WFM"]
[WhiteElo "2128"]
[BlackElo "2182"]
[WhiteTeam "Webster Windmills"]
[BlackTeam "Montreal Chessbrahs"]
[WhiteFideId "3520498"]
[BlackFideId "5300398"]
[EventDate "2018.01.18"]

1. d4 d6 2. c4 Nf6 3. Nc3 Nbd7 4. e4 e5 5. Nf3 Be7 6. Be2 O-O 7. O-O c6 8. h3 a5
9. Be3 a4 10. Qd2 Qa5 11. Rfd1 Re8 12. Qc2 exd4 13. Nxd4 Nc5 14. f3 Bf8 15. Bf2
Nh5 16. Qd2 g6 17. Nc2 Be6 18. Kh2 Bg7 19. Bd4 Be5+ 20. Kg1 Rad8 21. Rab1 Bc8
22. Qe3 f5 23. Bxe5 dxe5 24. Rxd8 Rxd8 25. exf5 Bxf5 26. Rc1 Nd3 27. Bxd3 Rxd3
28. Qf2 Nf4 29. Kh2 Qd8 30. Qe1 Rd2 31. Ne3 Bxh3 32. Ncd5 Rxb2 33. Qc3 Bxg2 34.
Qxb2 Qh4+ 35. Kg1 Qh1+ 36. Kf2 Nd3+ 37. Ke2 Nxb2 38. Rxh1 Bxh1 39. Nf6+ Kf8 40.
Nd7+ Ke7 41. Nxe5 Kd6 42. N5g4 b5 43. cxb5 cxb5 44. Nf2 Bxf3+ 45. Kxf3 Kc5 46.
Nc2 b4 47. Ke2 Kc4 48. Kd2 b3 49. axb3+ axb3 50. Na3+ Kb4 51. Nb1 h5 52. Nh3
Nc4+ 53. Kd3 Ne5+ 54. Ke4 Ng4 55. Kd3 Ne5+ 56. Ke4 Nd7 57. Nf4 Nf8 58. Nh3 Kc4
59. Nf4 h4 60. Nh3 Ne6 61. Ke5 Nc5 62. Nf2 Nd3+ 63. Nxd3 Kxd3 64. Kf4 g5+ 65.
Kg4 b2 66. Kh3 Kc2 67. Na3+ Kc1 68. Kh2 b1=Q 69. Nxb1 Kxb1 70. Kg2 Kc2 71. Kh3
Kd3 72. Kg2 Ke4 73. Kh3 Kf3 74. Kh2 g4 75. Kg1 g3 76. Kh1 g2+ 77. Kg1 h3 78. Kh2
Kf2 0-1

[Event "PRO League Group Stage"]
[Site "chess.com INT"]
[Date "2018.03.07"]
[Round "9"]
[White "Cervantes Landeiro, Thalia"]
[Black "Saric, Ivan"]
[Result "0-1"]
[WhiteTitle "WFM"]
[BlackTitle "GM"]
[WhiteElo "2128"]
[BlackElo "2664"]
[WhiteTeam "Webster Windmills"]
[BlackTeam "Montreal Chessbrahs"]
[WhiteFideId "3520498"]
[BlackFideId "14508150"]
[EventDate "2018.01.18"]

1. d4 Nf6 2. c4 g6 3. Nc3 d6 4. e4 Bg7 5. f4 c5 6. d5 O-O 7. Nf3 e6 8. dxe6 fxe6
9. Bd3 Nc6 10. O-O Nd4 11. Kh1 Nh5 12. f5 exf5 13. Bg5 Bf6 14. Bxf6 Nxf6 15.
exf5 Nxf5 16. Qd2 Re8 17. Rae1 Rxe1 18. Rxe1 Bd7 19. Ng5 Nd4 20. Qf4 Qf8 21. Qh4
h6 22. Nge4 g5 23. Nxf6+ Qxf6 24. Nd5 Qf8 25. Qh5 Be6 26. Qg6+ Qg7 27. Qxg7+
Kxg7 28. Nc7 Bxc4 29. Bxc4 Rc8 30. Ne8+ Kf8 31. Nxd6 Rc7 32. Re8+ Kg7 33. Rg8+
Kh7 34. Ne8 Rc6 35. Bd5 Rg6 36. Rf8 Ne6 37. Rf1 Kh8 38. h3 Nf4 39. Be4 Re6 40.
Bxb7 Rxe8 41. Ba6 Rb8 42. b3 Rb6 43. Bc4 Rd6 44. Re1 a6 45. Re8+ Kg7 46. Re7+
Kf6 47. Re3 Rd2 48. a4 Rxg2 49. Rf3 Rb2 50. Re3 h5 51. Kg1 g4 52. hxg4 hxg4 53.
Rg3 Kg5 54. Re3 Kh4 55. Re8 g3 56. Rh8+ Kg4 57. Rg8+ Kf3 58. Bf1 Rb1 0-1

[Event "PRO League Group Stage"]
[Site "chess.com INT"]
[Date "2018.03.07"]
[Round "9"]
[White "Orndahl, Markus"]
[Black "Libiszewski, Fabien"]
[Result "0-1"]
[BlackTitle "GM"]
[WhiteElo "2186"]
[BlackElo "2530"]
[WhiteTeam "Stockholm Snowballs"]
[BlackTeam "Cannes Blockbusters"]
[WhiteFideId "1709135"]
[BlackFideId "616834"]
[EventDate "2018.01.18"]

1. d4 Nf6 2. Bf4 d5 3. e3 c5 4. c3 Qb6 5. Qb3 c4 6. Qc2 g6 7. Nd2 Bf5 8. Qa4+
Nc6 9. b3 cxb3 10. axb3 Bg7 11. b4 O-O 12. h3 e5 13. dxe5 Nh5 14. Ngf3 Nxf4 15.
exf4 f6 16. b5 Ne7 17. Be2 g5 18. exf6 Bxf6 19. fxg5 Bxc3 20. O-O Bxa1 21. Rxa1
Bg6 22. h4 Nf5 23. Qg4 Rae8 24. Bf1 Ng7 25. Qd4 Qxd4 26. Nxd4 Rf4 27. N4f3 Ra8
28. g3 Rb4 29. Ne5 Be8 30. Bg2 Rxb5 31. Ndf3 Ne6 32. Bh3 Ng7 33. Ng4 a5 34. Nfe5
d4 35. Bf1 Rc5 36. Bc4+ Kh8 37. Rd1 a4 38. Rxd4 a3 39. Nf7+ Bxf7 40. Bxf7 b5 41.
Nh6 Nf5 42. Nxf5 Rxf5 43. Ba2 Rc5 44. Rd2 b4 45. f4 Rc3 0-1

[Event "PRO League Group Stage"]
[Site "chess.com INT"]
[Date "2018.03.07"]
[Round "9"]
[White "Orndahl, Markus"]
[Black "Travadon, Loic"]
[Result "1-0"]
[BlackTitle "FM"]
[WhiteElo "2186"]
[BlackElo "2351"]
[WhiteTeam "Stockholm Snowballs"]
[BlackTeam "Cannes Blockbusters"]
[WhiteFideId "1709135"]
[BlackFideId "26092131"]
[EventDate "2018.01.18"]

1. e4 c5 2. Nf3 d6 3. Nc3 Nc6 4. Bc4 Nf6 5. d3 e6 6. O-O Be7 7. Re1 O-O 8. a3 a6
9. Ba2 b5 10. Ne2 Bb7 11. Ng3 Ne5 12. c3 Rc8 13. d4 cxd4 14. cxd4 Nxf3+ 15. Qxf3
d5 16. e5 Ne4 17. Be3 Rc2 18. Re2 Qc7 19. Bb3 Rxe2 20. Qxe2 f5 21. exf6 Nxf6 22.
Bg5 Qd7 23. Re1 Bc8 24. h3 Bd6 25. Bc2 h6 26. Bxf6 Rxf6 27. Nh5 Rf7 28. Qd3 Kf8
29. Qh7 e5 30. dxe5 Qe7 1-0

[Event "PRO League Group Stage"]
[Site "chess.com INT"]
[Date "2018.03.07"]
[Round "9"]
[White "Karavade, Eesha"]
[Black "Manukian, Artak"]
[Result "1/2-1/2"]
[WhiteTitle "IM"]
[WhiteElo "2386"]
[BlackElo "2196"]
[WhiteTeam "Mumbai Movers"]
[BlackTeam "Armenia Eagles"]
[WhiteFideId "5012600"]
[BlackFideId "13301373"]
[EventDate "2018.01.18"]

1. Nf3 d5 2. c4 c6 3. g3 Nf6 4. Bg2 Bf5 5. cxd5 cxd5 6. Qb3 Qb6 7. Nc3 Qxb3 8.
axb3 Nc6 9. d3 e6 10. O-O a6 11. Bf4 Rd8 12. e4 dxe4 13. dxe4 Nxe4 14. Ne5 Nxe5
15. Nxe4 Nc6 16. Rfd1 e5 17. Be3 Be7 18. Nc5 Bxc5 19. Bxc5 Rxd1+ 20. Rxd1 Bc2
21. Rd6 Bxb3 22. Bxc6+ bxc6 23. Rxc6 Kd7 24. Rd6+ Kc7 25. Rxa6 Rd8 26. Bb6+ Kb7
27. Bxd8 Kxa6 28. Kf1 Kb5 29. Ke2 Kc5 30. Ke3 Kd5 31. Be7 f5 32. h4 Ke6 33. Bf8 1/2-1/2

[Event "PRO League Group Stage"]
[Site "chess.com INT"]
[Date "2018.03.07"]
[Round "9"]
[White "Karavade, Eesha"]
[Black "Andriasian, Zaven"]
[Result "1/2-1/2"]
[WhiteTitle "IM"]
[BlackTitle "GM"]
[WhiteElo "2386"]
[BlackElo "2585"]
[WhiteTeam "Mumbai Movers"]
[BlackTeam "Armenia Eagles"]
[WhiteFideId "5012600"]
[BlackFideId "13302000"]
[EventDate "2018.01.18"]

1. e4 c5 2. Nf3 d6 3. Bb5+ Nc6 4. O-O Bd7 5. Re1 Nf6 6. c3 a6 7. Bc4 b5 8. Bf1
Bg4 9. h3 Bxf3 10. Qxf3 g6 11. d3 Bg7 12. Be3 Nd7 13. Qd1 O-O 14. Nd2 b4 15. Qc2
bxc3 16. bxc3 Rb8 17. Nc4 Nde5 18. Nxe5 Bxe5 19. Red1 Qb6 20. Rab1 Qa5 21. Rxb8
Rxb8 22. d4 Bf6 23. Bc4 Qa3 24. Bd5 cxd4 25. cxd4 Nb4 26. Qc7 Rf8 27. Bc1 Nxd5
28. exd5 Qxa2 29. Bh6 Bxd4 30. Bxf8 Qxf2+ 31. Kh1 Kxf8 32. Qc8+ Kg7 33. Qxa6 Be5
34. Qd3 Qf4 35. Kg1 h5 36. Qf3 Qa4 37. Rf1 Bf6 38. Kh1 Qc4 39. Rd1 h4 40. Qd3
Qf4 41. Rf1 Qg5 42. Qf3 Qe5 43. Qd3 Qb2 44. Qf3 Qc2 45. Rf2 Qc1+ 46. Rf1 Qd2 47.
Rd1 Qa5 48. Rf1 Qb5 49. Rf2 Qe8 50. Rf1 Be5 51. Qg4 Qh8 52. Qd7 Bf6 53. Qg4 Qh6
54. Qf3 Kg8 55. Rf2 Qg5 56. Rf1 Kg7 57. Rf2 Qg3 58. Qxg3 hxg3 59. Rd2 Be5 60.
Kg1 e6 61. Kf1 Bf4 62. dxe6 fxe6 63. Rc2 d5 64. Ke2 Kf6 65. Rc6 Kf5 66. Kd3 e5
67. Rc5 Ke6 68. Rc6+ Kf5 69. Rc5 d4 70. Rb5 Be3 71. Ra5 Kf4 72. Ra8 e4+ 73. Kc4
Bf2 74. Re8 d3 75. Kc3 Ke3 76. Kb2 Be1 77. Kc1 Bb4 78. Kd1 Kd4 79. Rd8+ Kc4 80.
Re8 Kd4 81. Rd8+ Ke3 82. Re8 g5 83. Re6 Kd4 84. Re8 e3 85. Rd8+ Kc4 86. Re8 e2+
87. Rxe2 dxe2+ 88. Kxe2 Kd4 89. Kf3 Bd6 90. Ke2 Ke4 91. Kf1 Bc5 92. Ke2 Kf4 93.
Kf1 Bb6 94. Ke2 Ke4 95. Kf1 Kd3 96. Ke1 Bc5 97. Kf1 Ba7 98. Ke1 Be3 99. Kf1 Bf2
100. h4 g4 101. h5 Be3 102. h6 Bxh6 103. Kg1 Bf4 104. Kh1 Ke2 105. Kg1 Ke1 106.
Kh1 Bd2 107. Kg1 Ke2 108. Kh1 Bc3 109. Kg1 Kd3 110. Kh1 Ke4 111. Kg1 Kd3 112.
Kh1 Bb4 113. Kg1 Bc5+ 114. Kh1 Bd4 1/2-1/2

[Event "PRO League Group Stage"]
[Site "chess.com INT"]
[Date "2018.03.07"]
[Round "9"]
[White "Hansen, Eric"]
[Black "Banusz, Tamas"]
[Result "1-0"]
[WhiteTitle "GM"]
[BlackTitle "GM"]
[WhiteElo "2629"]
[BlackElo "2641"]
[WhiteTeam "Montreal Chessbrahs"]
[BlackTeam "Webster Windmills"]
[WhiteFideId "2606771"]
[BlackFideId "722413"]
[EventDate "2018.01.18"]

1. c4 Nf6 2. Nc3 e5 3. Nf3 Nc6 4. g3 Bc5 5. Bg2 O-O 6. O-O d6 7. e3 a6 8. h3 Ba7
9. d4 h6 10. b3 exd4 11. Nxd4 Nxd4 12. exd4 Rb8 13. a4 Re8 14. g4 Nh7 15. Qd3
Nf8 16. Be3 Ng6 17. Rae1 Bd7 18. Bd5 c6 19. Be4 Nh4 20. Bf4 f5 21. gxf5 Qf6 22.
c5 Nxf5 23. Bxf5 Bxf5 24. Qg3 Rbd8 25. Bxd6 Qxd4 26. Be7 Bb8 27. Qf3 Rc8 28.
Qxf5 Qxc3 29. Re3 Qd4 30. Rfe1 Qd5 31. Qg6 Qf7 32. Qg4 Qf4 33. Qg2 Qf7 34. Qg4
Qf4 35. Qg2 Qf7 36. R1e2 Bf4 37. Re4 Bc7 38. Qg4 Qxb3 39. Bf6 Qd1+ 40. Kg2 1-0

[Event "PRO League Group Stage"]
[Site "chess.com INT"]
[Date "2018.03.07"]
[Round "9"]
[White "Hansen, Eric"]
[Black "Cervantes Landeiro, Thalia"]
[Result "1-0"]
[WhiteTitle "GM"]
[BlackTitle "WFM"]
[WhiteElo "2629"]
[BlackElo "2128"]
[WhiteTeam "Montreal Chessbrahs"]
[BlackTeam "Webster Windmills"]
[WhiteFideId "2606771"]
[BlackFideId "3520498"]
[EventDate "2018.01.18"]

1. Nf3 Nf6 2. b3 g6 3. Bb2 Bg7 4. c4 O-O 5. g3 d5 6. cxd5 Qxd5 7. Bg2 c6 8. d3
Qa5+ 9. Nbd2 Nbd7 10. O-O Nd5 11. Bxg7 Kxg7 12. a3 Qc7 13. Rc1 N7f6 14. Qc2 Bd7
15. Qb2 Kg8 16. Ne5 Qd8 17. h3 a5 18. Kh2 Be6 19. e4 Nb6 20. f4 Nbd7 21. Nef3
Nb6 22. d4 Ne8 23. Ng5 Ng7 24. Nc4 a4 25. Nxb6 Qxb6 26. b4 Rad8 27. Rfd1 Bb3 28.
Rd2 f5 29. e5 h6 30. Nf3 Ne6 31. Qc3 Nc7 32. Nh4 Kh7 33. Qe3 Nb5 34. Rd3 Bd5 35.
Rc5 Bxg2 36. Kxg2 e6 37. Nf3 Rf7 38. Qc1 Rfd7 39. Qc4 Rd5 40. h4 R8d7 41. Kh3
Qd8 42. Kg2 Kg7 43. Kh3 Kh7 44. Kg2 Kg7 45. Kf2 Kh7 46. Ke3 Kg7 47. Qc1 Rxc5 48.
bxc5 Qa5 49. Qc4 Kf7 50. Ke2 Qa6 51. Ke3 Qa5 52. Qc1 Nc7 53. Qb2 Nb5 54. h5 gxh5
55. Qh2 Kg6 56. Nh4+ Kh7 57. Nf3 Kg6 58. Qh4 Rf7 59. Qh1 Rd7 60. Qa1 Qd8 61. Qa2
Rd5 62. Qc4 Qa5 63. Kf2 Qa6 64. Kg2 Qa5 65. Qc2 Qd8 66. Qd1 Qa5 67. Nh4+ Kh7 68.
Qxh5 Qc7 69. Qg6+ Kh8 70. Qxh6+ Kg8 71. Qxe6+ Qf7 72. Qxf7+ Kxf7 73. Nxf5 Ke6
74. g4 Nc7 75. Nd6 Nb5 76. Nxb5 cxb5 77. Kf3 Rd8 78. Ke4 Rh8 79. d5+ Kd7 80. e6+
Ke7 81. Ke5 Rh1 82. d6+ Ke8 83. d7+ 1-0

[Event "PRO League Group Stage"]
[Site "chess.com INT"]
[Date "2018.03.07"]
[Round "9"]
[White "Agrest, Evgenij"]
[Black "Bordi, Kevin"]
[Result "1-0"]
[WhiteTitle "GM"]
[WhiteElo "2584"]
[BlackElo "2282"]
[WhiteTeam "Stockholm Snowballs"]
[BlackTeam "Cannes Blockbusters"]
[WhiteFideId "1705024"]
[BlackFideId "621862"]
[EventDate "2018.01.18"]

1. d4 Nf6 2. Bf4 g6 3. e3 Bg7 4. Nf3 O-O 5. Be2 d6 6. h3 c5 7. Nc3 b6 8. a4 Bb7
9. a5 bxa5 10. dxc5 d5 11. O-O Nc6 12. Nd4 Rc8 13. Bf3 Re8 14. Nxc6 Bxc6 15. Be5
Ne4 16. Bxg7 Kxg7 17. Bxe4 dxe4 18. Qxd8 Rexd8 19. Rxa5 Rd2 20. Rc1 Rb8 21. b3
Rb7 22. Kf1 f5 23. Ke1 Rdd7 24. Rca1 e5 25. Ra6 Rdc7 26. R6a5 g5 27. Rd1 h5 28.
Rd6 h4 29. Ra6 Be8 30. Ra5 Rc8 31. Rda6 Rcc7 32. Nd5 Rf7 33. c6 Rb8 34. c7 Rc8
35. Rd6 Rd7 36. Rxd7+ Bxd7 37. Rxa7 1-0

[Event "PRO League Group Stage"]
[Site "chess.com INT"]
[Date "2018.03.07"]
[Round "9"]
[White "Agrest, Evgenij"]
[Black "Barseghyan, Harutyun"]
[Result "1-0"]
[WhiteTitle "GM"]
[WhiteElo "2584"]
[BlackElo "2467"]
[WhiteTeam "Stockholm Snowballs"]
[BlackTeam "Cannes Blockbusters"]
[WhiteFideId "1705024"]
[BlackFideId "13304585"]
[EventDate "2018.01.18"]

1. d4 f5 2. Nf3 Nf6 3. Bf4 g6 4. e3 Bg7 5. Bc4 e6 6. Nc3 d5 7. Be2 c6 8. Ne5
Nbd7 9. h4 Nxe5 10. Bxe5 h6 11. f3 O-O 12. Qd2 Nh5 13. Bxg7 Kxg7 14. O-O-O Ng3
15. Rh3 Qd6 16. Qe1 f4 17. exf4 Qxf4+ 18. Kb1 Nxe2 19. Nxe2 Qf6 20. Qg3 a5 21.
f4 a4 22. Qa3 Qf5 23. Rg3 Rf7 24. Re3 Qg4 25. g3 Bd7 26. Re1 b6 27. Nc1 Bc8 28.
Nd3 Qf5 29. Ne5 Rc7 30. Qd6 Raa7 31. Nxc6 1-0

[Event "PRO League Group Stage"]
[Site "chess.com INT"]
[Date "2018.03.07"]
[Round "9"]
[White "Postny, Evgeny"]
[Black "Tang, Andrew"]
[Result "1-0"]
[WhiteTitle "GM"]
[BlackTitle "IM"]
[WhiteElo "2579"]
[BlackElo "2513"]
[WhiteTeam "Montclair Sopranos"]
[BlackTeam "Minnesota Blizzard"]
[WhiteFideId "2804344"]
[BlackFideId "2059630"]
[EventDate "2018.01.18"]

1. d4 d5 2. c4 e6 3. Nf3 Nf6 4. g3 dxc4 5. Bg2 Nc6 6. Qa4 Bb4+ 7. Bd2 Nd5 8.
Bxb4 Nxb4 9. O-O Rb8 10. Nc3 a6 11. Ne5 O-O 12. Nxc6 Nxc6 13. Bxc6 bxc6 14. Qxc4
Qd6 15. Ne4 Qd5 16. Qxd5 cxd5 17. Nc5 Rxb2 18. e3 Rd8 19. Rfc1 h6 20. Rc3 e5 21.
dxe5 d4 22. Rd3 Rc2 23. Rxd4 Re8 24. Nd3 c5 25. Rd6 Bf5 26. Ne1 Rb2 27. Rxa6
Rxe5 28. Rd6 c4 29. Nf3 Ra5 30. Nd4 Be4 31. f3 Bd3 32. a4 c3 33. Nb3 c2 34. Rxd3
Rb1+ 35. Kf2 Rxa1 36. Rc3 R5xa4 37. Nxa1 Rxa1 38. Rxc2 g6 39. g4 Kg7 40. Kg3 Ra5
41. h4 h5 42. g5 Ra4 43. e4 Kf8 44. Rb2 Ra5 45. Rb8+ Ke7 46. Rb7+ Ke6 47. Rb6+
Ke7 48. Kf4 Rc5 49. Rb7+ Ke6 50. Rb6+ Ke7 51. Ra6 Rb5 52. Ra3 Ke6 53. Rd3 Rb1
54. Kg3 Rg1+ 55. Kh2 Rb1 56. Ra3 Ke5 57. Kg3 Rg1+ 58. Kf2 Rb1 59. Ra7 Ke6 60.
Kg3 Rg1+ 61. Kh2 Rb1 62. Kg2 Rc1 63. Rb7 Ra1 64. Rb6+ Ke7 65. Kg3 Rh1 66. Ra6
Kd7 67. Rf6 Ke7 68. f4 Rg1+ 69. Kh2 Re1 70. e5 Kf8 71. Kg2 Kg7 72. e6 fxe6 73.
Kf2 1-0

[Event "PRO League Group Stage"]
[Site "chess.com INT"]
[Date "2018.03.07"]
[Round "9"]
[White "Postny, Evgeny"]
[Black "Gurevich, Daniel"]
[Result "1-0"]
[WhiteTitle "GM"]
[BlackTitle "IM"]
[WhiteElo "2579"]
[BlackElo "2483"]
[WhiteTeam "Montclair Sopranos"]
[BlackTeam "Minnesota Blizzard"]
[WhiteFideId "2804344"]
[BlackFideId "2044676"]
[EventDate "2018.01.18"]

1. d4 d5 2. c4 dxc4 3. e4 Nf6 4. e5 Nd5 5. Bxc4 Nc6 6. Ne2 Bf5 7. O-O Nb6 8. Bb3
e6 9. Nbc3 Qd7 10. Be3 O-O-O 11. Qc1 Bg6 12. Rd1 Qe8 13. Na4 Nd5 14. Nc5 Bxc5
15. Qxc5 Qe7 16. Qc1 Ncb4 17. Bg5 f6 18. exf6 gxf6 19. Bh4 Bh5 20. Qd2 Rhg8 21.
Bg3 f5 22. Re1 Qg7 23. Nf4 Bf7 24. Rac1 Rd7 25. a3 Nc6 26. Nxd5 exd5 27. Ba4 h5
28. h4 Qf6 29. Bxc6 bxc6 30. Rc5 Rg4 31. Be5 Qxh4 32. Rxc6 f4 33. Rec1 f3 34.
Bg3 Rxg3 35. fxg3 Qxg3 36. Qf2 Qxg2+ 37. Qxg2 fxg2 38. Kxg2 Re7 39. Kf2 Kb7 40.
R6c3 Be8 41. Re3 Rf7+ 42. Rf3 Rg7 43. Rg1 Rxg1 44. Kxg1 Kc6 45. Rc3+ Kd6 46. Kf2
Bb5 47. Kg3 a5 48. b3 Be2 49. Rc5 Bd1 50. Rxa5 Bxb3 51. Rc5 c6 52. Kh4 Bd1 53.
Rc1 Bf3 54. a4 Kc7 55. Rb1 Bg4 56. a5 Be2 57. Rb2 Bb5 58. Kxh5 Kb7 59. Kg5 Ka6
60. Ra2 Bc4 61. Ra1 Bd3 62. Kf6 Kb7 63. Ke5 Bb5 64. Kd6 Ka6 65. Kc5 Ka7 66. Rb1
Ka6 67. Rxb5 cxb5 68. Kb4 1-0

[Event "PRO League Group Stage"]
[Site "chess.com INT"]
[Date "2018.03.07"]
[Round "9"]
[White "Libiszewski, Fabien"]
[Black "Alekseenko, Kirill"]
[Result "1-0"]
[WhiteTitle "GM"]
[BlackTitle "GM"]
[WhiteElo "2530"]
[BlackElo "2594"]
[WhiteTeam "Cannes Blockbusters"]
[BlackTeam "Stockholm Snowballs"]
[WhiteFideId "616834"]
[BlackFideId "4135539"]
[EventDate "2018.01.18"]

1. Nf3 d5 2. c4 dxc4 3. e3 Bg4 4. Bxc4 e6 5. Qb3 Bxf3 6. gxf3 Qc8 7. Nc3 Nd7 8.
f4 Ne7 9. Qc2 Nf5 10. b3 c6 11. Bb2 Qc7 12. h4 O-O-O 13. h5 Nf6 14. Be2 h6 15.
O-O-O Qa5 16. Kb1 Ba3 17. Bxa3 Qxa3 18. d4 Kb8 19. Bd3 Ne7 20. Rdg1 Rhg8 21. Ne4
Ned5 22. Qb2 Qa5 23. Rc1 Nb4 24. Qd2 Qa3 25. Nc5 Nfd5 26. Rc4 b6 27. Rxb4 Nxb4
28. Qxb4 Qxb4 29. Na6+ Kb7 30. Nxb4 a5 31. Nc2 b5 32. Be4 Kb6 33. Rc1 Rc8 34.
Rg1 c5 35. Bh7 Rgf8 36. Rxg7 cxd4 37. Nxd4 Rc5 38. f5 e5 39. Nc2 f6 40. Rg6 Rc6
41. Rg2 Rd8 42. f3 Rd1+ 43. Kb2 Rcd6 44. a4 b4 45. Bg8 Rh1 46. e4 Rdd1 47. Ne3
Rb1+ 48. Kc2 Kc5 49. Rg7 Ra1 50. Kd3 Rh2 51. Rc7+ Kd6 52. Ra7 Kc6 53. Bd5+ Kb6
54. Rb7+ Ka6 55. Rf7 Rc1 56. Rxf6+ Ka7 57. Rc6 Rb1 58. f6 Rf2 59. Kc4 Re1 60.
Nf5 Rxf3 61. f7 Rd1 62. f8=Q Rc3+ 63. Kb5 Rxd5+ 64. exd5 1-0

[Event "PRO League Group Stage"]
[Site "chess.com INT"]
[Date "2018.03.07"]
[Round "9"]
[White "Libiszewski, Fabien"]
[Black "Agrest, Evgenij"]
[Result "0-1"]
[WhiteTitle "GM"]
[BlackTitle "GM"]
[WhiteElo "2530"]
[BlackElo "2584"]
[WhiteTeam "Cannes Blockbusters"]
[BlackTeam "Stockholm Snowballs"]
[WhiteFideId "616834"]
[BlackFideId "1705024"]
[EventDate "2018.01.18"]

1. e4 c6 2. d4 d5 3. e5 Bf5 4. Nf3 e6 5. Be2 Ne7 6. O-O Nc8 7. b3 a5 8. a4 Be7
9. c4 O-O 10. Nc3 Na6 11. Bd3 Bg6 12. Bxg6 fxg6 13. Be3 h6 14. Rc1 Qe8 15. h3 g5
16. cxd5 exd5 17. Ne1 Nc7 18. Nd3 Ne6 19. f4 gxf4 20. Nxf4 Nxf4 21. Bxf4 Qg6 22.
Rf3 Bh4 23. Qd2 Ne7 24. Rcf1 Rad8 25. Ne2 b6 26. b4 Ra8 27. Kh2 axb4 28. Qxb4
Qc2 29. Nc3 c5 30. Qxb6 cxd4 31. Qxd4 Ng6 32. Bd2 Rxf3 33. Qxd5+ Kh7 34. Qxf3
Qxd2 35. Qxa8 Qxc3 36. Qe4 Bg3+ 37. Kg1 Bxe5 38. h4 Bb8 39. Rb1 Qc5+ 40. Kf1 Bg3
41. Ke2 Bxh4 42. Rb5 Qf2+ 43. Kd3 Bg5 44. Kc4 Bf6 45. g4 Qd2 46. Kc5 Qd7 47. a5
Qc7+ 48. Kd5 Be7 49. a6 Qd6+ 50. Kc4 Qxa6 51. Qf5 Qa4+ 52. Kd3 Bf6 53. Rc5 Qb4
54. Rc8 Qb1+ 55. Ke3 Qxf5 56. gxf5 Ne7 57. Rc5 h5 58. Ke4 Kh6 59. Rc2 h4 60. Kf4
Kh5 61. Rg2 Nd5+ 62. Ke4 Nc3+ 63. Kf4 Nb5 64. Rg1 Nd4 65. Rg2 h3 66. Rg3 Ne2+
67. Kf3 Nxg3 68. Kxg3 Kg5 0-1